Đang tải...

How to Play Yoga/

Chi tiết về thư mục
Tác giả khác: Deepak Jain (ed.)
Định dạng: Printed Book
Được phát hành: Delhi: Prerna Prakashan, 2016.
Những chủ đề:
LEADER 00566nam a22001697a 4500
020 |a 9789381867877 
082 |a 613.704 6  |b DEE/H 
245 |a How to Play Yoga/  |c by Deepak Jain (ed.) 
260 |a Delhi:  |b Prerna Prakashan,  |c 2016. 
300 |a 92p. 
650 |a Yoga  |9 178119 
650 |a Physical Fitness  |9 178120 
650 |a Medicine  |9 178121 
700 |a Deepak Jain (ed.)  |9 178122 
942 |c BK 
999 |c 142834  |d 142834 
952 |0 0  |1 0  |4 0  |6 613_704000000000000_6_DEE_H  |7 0  |9 99057  |a SSUS  |b SSUS  |c STACKS  |d 2019-09-20  |g 150.00  |o 613.704 6 DEE/H  |p 095561  |r 2019-09-20  |w 2019-09-20  |y BK